Visualizzazione normale
Vista MARC
- Colombo Giovanni
di Personal Name
Records bibliografici associati: 1
001 - CONTROL NUMBER
- control field: 63014
003 - CONTROL NUMBER IDENTIFIER
- control field:
005 - DATE AND TIME OF LATEST TRANSACTION
- control field: 20251223115852.0
008 - FIXED-LENGTH DATA ELEMENTS
- fixed length control field: 251223|| aca||aabn | a|a d
040 ## - CATALOGING SOURCE
- Original cataloging agency:
- Transcribing agency:
100 ## - HEADING--PERSONAL NAME
- Personal name: Colombo Giovanni
670 ## - SOURCE DATA FOUND
- Source citation: Work cat.: ()206392: Colombo Giovanni, L'originalità cristiana della famiglia., 1976